Every R6 Seige operator - Statistics

General Stats
  • This quiz has been taken 184 times
    88 since last reset
  • The average score is 37 of 76
Answer Stats
CTU Type Operator % Correct
SWAT ATK Ash
92%
SEALs ATK Blackbeard
75%
SAS DEF Mute
75%
GSG 9 ATK Blitz
74%
GIGN DEF Doc
72%
Spetsnaz DEF Kapkan
72%
GIGN DEF Rook
72%
SAS ATK Sledge
72%
SAS DEF Smoke
72%
SWAT ATK Thermite
70%
Secret Service DEF Warden
70%
SWAT DEF Castle
68%
NIGHTHAVEN ATK Ace
66%
707th SMB DEF Vigil
66%
SAS ATK Thatcher
62%
GIGN ATK Twitch
62%
Keres Legion ATK Deimos
58%
Spetsnaz ATK Glaz
58%
CBRN ATK Lion
58%
GIGN ATK Montagne
58%
JTF2 ATK Buck
57%
GSG 9 ATK IQ
55%
SWAT DEF Pulse
55%
Spetsnaz DEF Tachanka
55%
Unaffiliated DEF Azami
53%
GSG 9 DEF Jäger
53%
SEALs DEF Valkyrie
53%
GSG 9 DEF Bandit
51%
NIGHTHAVEN ATK Kali
51%
SAT DEF Echo
49%
JTF2 DEF Frost
49%
NIGHTHAVEN ATK Grim
49%
GIGR DEF Kaid
49%
Rainbow ATK Striker
49%
SDU ATK Ying
49%
NIGHTHAVEN DEF Denari
47%
Rainbow DEF Sentry
47%
GSUTR DEF Clash
45%
SAT ATK Hibana
45%
Garda ERU DEF Thorn
45%
FES DEF Goyo
43%
SDU DEF Lesion
43%
ITF DEF Melusi
43%
Jaeger Corps ATK Nøkk
43%
APCA ATK Amaru
42%
BOPE ATK Capitão
42%
BOPE DEF Caveira
42%
GIS DEF Maestro
42%
GEO DEF Mira
42%
35th Commando Batallion ATK Ram
42%
707th SMB ATK Dokkaebi
40%
CBRN ATK Finka
40%
NIGHTHAVEN DEF Aruni
38%
Unaffiliated DEF Fenrir
38%
Spetsnaz ATK Fuse
38%
SASR DEF Mozzie
38%
GIGR ATK Nomad
38%
NIGHTHAVEN DEF Wamai
38%
GIS DEF Alibi
36%
FBI ATK Flores
36%
SASR ATK Gridlock
36%
GEO ATK Jackal
36%
NIGHTHAVEN ATK Osa
36%
SFG ATK Sens
36%
AFEAU DEF Solis
36%
ROS ATK Zero
34%
COT ATK Brava
32%
GROM DEF Ela
32%
EKAM DEF Skopós
32%
STAR-NET DEF Thunderbird
32%
GROM ATK Zofia
32%
REU ATK Iana
30%
GSUTR ATK Maverick
30%
GIGR DEF Oryx
25%
DAE DEF Tubarão
23%
NZSAS ATK Rauora
19%
No matching quizzes found
Score Distribution
Percent of People with Each Score
Percentile by Number Answered
Your Score History
You have not taken this quiz since the last reset